| 000 | 00771nam a22002057a 4500 | ||
|---|---|---|---|
| 005 | 20240530110515.0 | ||
| 008 | 160119s2013 lu a g b 001 0 ara d | ||
| 020 | _a9789953826073 | ||
| 040 | _aEG-CaGPL | ||
| 082 | 0 | 4 |
_221 _a302.23\ _bص إ |
| 100 | 0 | _aصباح ياسين . | |
| 245 | 1 | 2 |
_aالاعلام الفضائى فى الوطن العربى : _bتحليل للمضمون و التاثير فى النخب و الرأى العام / _cصباح ياسين . |
| 250 | _aط1. | ||
| 260 |
_aبيروت : _bمركز دراسات الوحدة العربية ، _c2013 . |
||
| 300 |
_a303 ص ؛ _c24 سم . |
||
| 504 | _aببليوجرافية : ص 285 - 293 | ||
| 650 | 0 | 4 |
_aالاعلام _zالعالم العربى . |
| 942 |
_2ddc _cBK |
||
| 999 |
_c61778 _d61778 |
||